|
|
|
|
| LEADER |
00000naa2a2200000 4500 |
| 001 |
204110 |
| 005 |
20231101225209.0 |
| 035 |
|
|
|a (RuTPU)RU\TPU\book\222454
|
| 035 |
|
|
|a RU\TPU\book\222451
|
| 090 |
|
|
|a 204110
|
| 100 |
|
|
|a 20111118d1969 k y0rusy50 ca
|
| 101 |
0 |
|
|a rus
|
| 102 |
|
|
|a RU
|
| 200 |
1 |
|
|a К стратиграфии четвертичных (антропогеновых) отложений Кузнецкой котловины
|f А. Г. Сивов [и др.]
|
| 463 |
|
0 |
|0 (RuTPU)RU\TPU\book\160015
|t Новые данные по геологии и географии Кузбасса и Алтая
|o материалы научно-технической конференции в г. Новокузнецке, 1969 г.
|f Географическое общество Союза ССР, Кузнецкий и Алтайский отделы; под ред. М. Ф. Романенко
|v С. 225-228
|n [Б. и.]
|d 1969
|p 280 с.
|
| 610 |
1 |
|
|a труды учёных ТПУ
|
| 701 |
|
1 |
|a Сивов
|b А. Г.
|c российский ученый-геолог
|c профессор ТПИ
|f 1904-1969
|g Александр Григорьевич
|2 stltpush
|3 (RuTPU)RU\TPU\pers\21878
|9 9215
|
| 701 |
|
1 |
|a Курбатова
|b А. А.
|
| 701 |
|
1 |
|a Рябчикова
|b Э. Д.
|c российский геолог
|c доцент Томского политехнического университета, кандидат геолого-минералогических наук
|f 1941-
|g Элла Давыдовна
|2 stltpush
|3 (RuTPU)RU\TPU\pers\26291
|
| 701 |
|
1 |
|a Чугуевская
|b Е. К.
|
| 801 |
|
1 |
|a RU
|b 63413507
|c 20081216
|g PSBO
|
| 801 |
|
2 |
|a RU
|b 63413507
|c 20120312
|g PSBO
|
| 942 |
|
|
|c BK
|